000 00418nam a2200169Ia 4500
005 20250323172244.0
008 240331s9999 xx 000 0 und d
082 _bPUT
_a894
245 0 _aPuthiya dharisanangal :
_bkalaiyum arasialum
260 _aCoimbatore
_bVijaya Pathippagam
_c1994
300 _a339 p .,
650 _aKalai
650 _aArashiyal
650 _aNaval
700 _aGnani, K.
_eedt
942 _cL
999 _c4132
_d4132